[Event "Gibraltar Open"]
[Site "Caleta ENG"]
[Date "2012.01.31"]
[Round "8.45"]
[White "Vaarala, Eric"]
[Black "Lyrberg, Patrik"]
[Result "0-1"]
[BlackTitle "IM"]
[WhiteElo "2238"]
[BlackElo "2435"]
[WhiteFideId "1711962"]
[BlackFideId "1701975"]
[EventDate "2012.01.24"]

1. e4 c5 2. Nf3 Nc6 3. d4 cxd4 4. Nxd4 g6 5. c4 Bg7 6. Nc2 Nf6 7. Nc3 d6 8. Be2
O-O 9. O-O a5 10. Be3 Nd7 11. Rb1 Nc5 12. Nd4 Bd7 13. a3 Nxd4 14. Bxd4 e5 15.
Bxc5 dxc5 16. Qd6 Rc8 17. Nd5 Re8 18. Nb6 Rc6 19. Qxd7 Rxb6 20. Rfd1 Qxd7 21.
Rxd7 Bf6 22. Rd5 Rd8 23. Rxc5 Rd2 24. Bf1 a4 25. Ra5 Be7 26. Rxa4 Bc5 27. b4
Bxf2+ 28. Kh1 g5 29. Ra5 Bd4 30. Rb3 g4 31. h3 Rf6 32. hxg4 Rxf1+ 33. Kh2 Rff2
34. Rg3 b6 35. Ra7 Rb2 36. Kh3 Rf4 37. Rf3 Rxf3+ 38. gxf3 Rb3 39. Kg3 Bb2 40.
Ra6 Bxa3 41. Rxb6 Rxb4 42. Rxb4 Bxb4 43. f4 Bd6 44. fxe5 Bxe5+ 45. Kh4 h6 46. g5
hxg5+ 47. Kxg5 f6+ 48. Kf5 Kf7 49. c5 Ke7 0-1

[Event "Gibraltar Open"]
[Site "Caleta ENG"]
[Date "2012.01.31"]
[Round "8.46"]
[White "Loew, Gerald"]
[Black "Aloma Vidal, Robert"]
[Result "1/2-1/2"]
[WhiteTitle "FM"]
[BlackTitle "IM"]
[WhiteElo "2251"]
[BlackElo "2431"]
[WhiteFideId "4615875"]
[BlackFideId "2260409"]
[EventDate "2012.01.24"]

1. c4 Nf6 2. g3 c6 3. Bg2 d5 4. Nf3 dxc4 5. O-O Nbd7 6. Na3 Nb6 7. Qc2 Be6 8.
Ng5 Bg4 9. f3 Bh5 10. Nxc4 e5 11. Kh1 Nfd5 12. d3 Be7 13. Ne4 Qc7 14. a3 O-O 15.
b4 Rad8 16. Nc5 Nxc4 17. Qxc4 Rfe8 18. Bd2 Nb6 19. Qc2 Nd7 20. Nxd7 Qxd7 21. Be3
Ra8 22. Rab1 a5 23. Rfc1 axb4 24. axb4 f6 25. b5 c5 26. b6 Ra6 27. Qb2 Qe6 28.
f4 exf4 29. Bxf4 Ra2 30. Qb3 Qxb3 31. Rxb3 c4 32. Bd5+ Bf7 33. dxc4 Bc5 34. e4
Bxd5 35. cxd5 Rxe4 36. Rbb1 Bd4 37. d6 Kf7 38. Rc7+ Ke8 39. Rxb7 Ree2 40. Re7+
Rxe7 41. dxe7 Bxb6 42. Rxb6 Kxe7 43. Rb7+ Kf8 44. Rd7 Kg8 45. Rd2 Ra3 46. Kg2
Rb3 47. h4 Ra3 48. Re2 Kf7 49. Re3 Ra5 50. Bc7 Rf5 51. Bb6 Kg8 52. Bd4 Kf7 53.
Bc3 Kg8 54. Rf3 Rb5 55. Kf2 Rc5 56. Ke2 Kf7 57. Kd3 Kg6 58. Ke4 Rc4+ 59. Bd4 Kh5
60. Kd5 Kg4 61. Rd3 Rc2 62. Bc5 g5 63. Bd6 Re2 64. Rd1 h6 65. Rd4+ Kh5 66. Kc4
f5 67. Kd3 Re4 68. Rd5 Kg4 69. hxg5 hxg5 70. Bc7 Ra4 71. Be5 f4 72. gxf4 gxf4
73. Ke2 Ra2+ 74. Ke1 Kf3 75. Rb5 Re2+ 76. Kf1 Rf2+ 77. Kg1 Rg2+ 78. Kh1 Re2 79.
Bd4 Re4 80. Bb6 Re7 81. Rb3+ Ke2 82. Rb2+ Kf3 1/2-1/2

[Event "Gibraltar Open"]
[Site "Caleta ENG"]
[Date "2012.01.31"]
[Round "8.47"]
[White "Dunn, Andrew"]
[Black "Bellon Lopez, Juan Manuel"]
[Result "0-1"]
[WhiteTitle "CM"]
[BlackTitle "GM"]
[WhiteElo "2233"]
[BlackElo "2422"]
[WhiteFideId "401960"]
[BlackFideId "2200031"]
[EventDate "2012.01.24"]

1. d4 d5 2. Nf3 c6 3. e3 Nf6 4. c4 a6 5. Be2 Bg4 6. b3 e6 7. h3 Bxf3 8. Bxf3
Nbd7 9. O-O Bd6 10. Bb2 O-O 11. Nd2 Qe7 12. Re1 Rfd8 13. Qc2 Ba3 14. Rad1 Rac8
15. e4 dxe4 16. Nxe4 Nxe4 17. Bxe4 Nf6 18. Bf3 Bxb2 19. Qxb2 Qb4 20. a3 Qb6 21.
b4 Rd7 22. Rd2 Rcd8 23. Red1 h6 24. Qc3 Qc7 25. g3 Ne8 26. a4 a5 27. c5 axb4 28.
Qxb4 Nf6 29. a5 Nd5 30. Bxd5 Rxd5 31. Rb2 R8d7 32. Rdd2 e5 33. dxe5 Qxe5 34.
Rxd5 Qxd5 35. Rb1 Qf5 36. Kg2 Re7 37. Rd1 Re2 38. Rd8+ Kh7 39. Qd4 Rc2 40. g4
Qxc5 41. Qe4+ f5 42. Qf4 Rc4 43. Qb8 fxg4 44. Rh8+ Kg6 45. Qe8+ Kg5 46. Qd8+ Kh5
47. Qe8+ Kh4 48. Qd8+ Qg5 0-1

[Event "Gibraltar Open"]
[Site "Caleta ENG"]
[Date "2012.01.31"]
[Round "8.50"]
[White "Dukaczewski, Piotr"]
[Black "Walton, Alan J"]
[Result "0-1"]
[WhiteTitle "IM"]
[BlackTitle "CM"]
[WhiteElo "2344"]
[BlackElo "2161"]
[WhiteFideId "1103520"]
[BlackFideId "409898"]
[EventDate "2012.01.24"]

1. e4 e6 2. d4 d5 3. Nc3 Nf6 4. e5 Nfd7 5. Nf3 c5 6. dxc5 Nc6 7. Bf4 Bxc5 8. Bd3
f6 9. exf6 Qxf6 10. Bg5 Qf7 11. Qe2 O-O 12. O-O-O Bd6 13. Nb5 Bb8 14. Bd2 h6 15.
h4 Nde5 16. Nxe5 Bxe5 17. Qg4 a6 18. Nc3 Qf6 19. Rhf1 Bxc3 20. Bxc3 e5 21. Qg3
d4 22. Bd2 Bf5 23. Bxf5 Qxf5 24. Bxh6 Rf7 25. Bd2 Rc8 26. Kb1 e4 27. Qg5 Rcf8
28. Rfe1 Qxg5 29. hxg5 Rxf2 30. Rxe4 Rxd2 0-1

[Event "Gibraltar Open"]
[Site "Caleta ENG"]
[Date "2012.01.31"]
[Round "8.51"]
[White "Schiller, Eric"]
[Black "Dolgova, Olga"]
[Result "0-1"]
[WhiteTitle "FM"]
[BlackTitle "WIM"]
[WhiteElo "2109"]
[BlackElo "2206"]
[WhiteFideId "2002973"]
[BlackFideId "4158296"]
[EventDate "2012.01.24"]

1. e4 c6 2. d4 d5 3. Nd2 dxe4 4. Nxe4 Bf5 5. Ng3 Bg6 6. Bc4 e6 7. N1e2 Bd6 8. h4
h6 9. Nf4 Ne7 10. O-O Bxf4 11. Bxf4 Nd5 12. Be5 Qxh4 13. Bxd5 cxd5 14. Bxg7 Rg8
15. Be5 Nc6 16. c3 O-O-O 17. Ne2 Nxe5 18. dxe5 Be4 19. f3 Rxg2+ 0-1

[Event "Gibraltar Open"]
[Site "Caleta ENG"]
[Date "2012.01.31"]
[Round "8.52"]
[White "Valgmae, Toomas"]
[Black "Astaneh Lopez, Alex"]
[Result "1/2-1/2"]
[BlackTitle "IM"]
[WhiteElo "2208"]
[BlackElo "2414"]
[WhiteFideId "4502523"]
[BlackFideId "2501430"]
[EventDate "2012.01.24"]

1. d4 Nf6 2. c4 g6 3. g3 c6 4. Bg2 d5 5. Nf3 Bg7 6. O-O O-O 7. cxd5 cxd5 8. Nc3
Nc6 9. Bf4 Ne4 10. Rc1 Nxc3 11. Rxc3 Qb6 12. Qd2 Nxd4 13. Nxd4 Qxd4 14. Rd3 Qxb2
15. Qxb2 Bxb2 16. Rb1 Bf6 17. Bxd5 e5 18. Bh6 Bg7 19. Bc1 Bf6 20. Bh6 Bg7 21.
Bc1 Bf6 22. Bh6 Rd8 23. Bxb7 Rb8 24. Rxd8+ Bxd8 25. Be4 Rxb1+ 26. Bxb1 g5 27. f4
Bb6+ 28. Kg2 Bb7+ 29. Kh3 gxf4 30. gxf4 Be3 31. Kg4 f6 32. Bc2 Bd5 33. Bb3 Bxb3
34. axb3 Bc1 35. Kf5 Kf7 36. h4 Be3 37. h5 Bc1 38. Ke4 a6 39. Kf5 Be3 40. Ke4
Bc1 41. Kf5 Be3 1/2-1/2

[Event "Gibraltar Open"]
[Site "Caleta ENG"]
[Date "2012.01.31"]
[Round "8.54"]
[White "Lund, Silas"]
[Black "Choukri, Adel"]
[Result "1-0"]
[WhiteTitle "IM"]
[WhiteElo "2414"]
[BlackElo "2115"]
[WhiteFideId "1405454"]
[BlackFideId "9000399"]
[EventDate "2012.01.24"]

1. d4 d5 2. c4 e5 3. dxe5 d4 4. Nf3 Nc6 5. Nbd2 Nge7 6. Nb3 Nf5 7. g3 Be6 8. Bh3
Qd7 9. O-O O-O-O 10. Bg5 Be7 11. Bxe7 Qxe7 12. Qd2 Kb8 13. Rfd1 Nh4 14. Bxe6
Nxf3+ 15. exf3 Qxe6 16. f4 Qxc4 17. Rac1 Qe6 18. Nc5 Qxa2 19. Qd3 Qa5 20. Qc4 f6
21. Nxb7 Kxb7 22. Qxc6+ Kc8 23. Qa8+ Kd7 24. Rxd4+ Ke7 25. exf6+ gxf6 26. Qe4+
Kf7 27. Rxd8 Rxd8 28. Rxc7+ 1-0

[Event "Gibraltar Open"]
[Site "Caleta ENG"]
[Date "2012.01.31"]
[Round "8.55"]
[White "Vanparys, Philip"]
[Black "Quillan, Gary"]
[Result "0-1"]
[BlackTitle "IM"]
[WhiteElo "2174"]
[BlackElo "2409"]
[WhiteFideId "202975"]
[BlackFideId "401153"]
[EventDate "2012.01.24"]

1. c4 e5 2. g3 Nf6 3. Bg2 c6 4. d4 exd4 5. Qxd4 d5 6. Nf3 Be7 7. cxd5 cxd5 8.
O-O Nc6 9. Qa4 O-O 10. Be3 Ng4 11. Bf4 Qb6 12. Nc3 Be6 13. Ng5 Bxg5 14. Bxg5
Qxb2 15. Nxd5 Nd4 16. Nf4 Nxe2+ 17. Nxe2 Qxe2 18. Be7 Rfe8 19. Bxb7 Ne5 20. Bxa8
Rxa8 21. Qd1 Nf3+ 22. Kg2 Qe4 23. Qxf3 Bh3+ 24. Kxh3 Qxf3 25. a3 Qf5+ 0-1

[Event "Gibraltar Open"]
[Site "Caleta ENG"]
[Date "2012.01.31"]
[Round "8.56"]
[White "Valhondo Morales, Ruben"]
[Black "Getz, Nicolai"]
[Result "1-0"]
[BlackTitle "IM"]
[WhiteElo "2046"]
[BlackElo "2408"]
[WhiteFideId "22202692"]
[BlackFideId "1505572"]
[EventDate "2012.01.24"]

1. e4 e6 2. d3 c5 3. Nf3 Nc6 4. g3 g6 5. Bg5 Qb6 6. Qc1 Bg7 7. c3 d5 8. Nbd2
Nge7 9. Bg2 Qa6 10. Nb3 b6 11. Qc2 h6 12. Bd2 Bb7 13. exd5 Nxd5 14. O-O O-O 15.
Rfe1 Rac8 16. h4 Ba8 17. a4 Rfd8 18. a5 Nxa5 19. Nxa5 bxa5 20. Ne5 Nb6 21. Bxa8
Rxa8 22. c4 a4 23. Ng4 h5 24. Nh6+ Kf8 25. g4 hxg4 26. h5 g3 27. fxg3 Bd4+ 28.
Kh2 Kg7 29. Rf1 f5 30. g4 Qb7 31. gxf5 exf5 32. hxg6 Qc7+ 33. Bf4 Be5 34. Nxf5+
Kf6 35. Bxe5+ Qxe5+ 36. Kg2 Rh8 37. Ng3+ Kg7 38. Rae1 Qg5 39. Qc3+ Kg8 40. Rf7
Qxg6 41. Rf4 Rh7 42. Ree4 Rg7 43. Rg4 Qxg4 44. Rxg4 Rxg4 45. Qf6 Re8 46. Kh3 Nd7
47. Qd6 Rd4 48. Qg6+ Kf8 49. Qh6+ Kf7 50. Qh5+ Kf8 51. Kg2 Ne5 52. Qf5+ Kg7 53.
Qg5+ Kf7 54. Qh5+ Kf8 55. Ne4 Nxd3 56. Qf5+ Ke7 57. Qf6+ Kd7 58. Nxc5+ Nxc5 59.
Qxd4+ Kc6 1-0

[Event "Gibraltar Open"]
[Site "Caleta ENG"]
[Date "2012.01.31"]
[Round "8.57"]
[White "Pavlovic, Milos"]
[Black "Pettersson, Anders1"]
[Result "1-0"]
[WhiteTitle "GM"]
[WhiteElo "2531"]
[BlackElo "2219"]
[WhiteFideId "900389"]
[BlackFideId "1709771"]
[EventDate "2012.01.24"]

1. Nf3 c5 2. c4 Nf6 3. g3 d5 4. Bg2 Nc6 5. O-O e5 6. d3 Be7 7. Nc3 d4 8. Na4 h6
9. e4 Bd7 10. Bd2 a6 11. b3 b5 12. Nb2 b4 13. Nh4 O-O 14. Nf5 Re8 15. Nxe7+ Qxe7
16. Qe2 a5 17. f4 Ra6 18. f5 Rea8 19. g4 Nh7 20. Rf3 Nd8 21. Na4 Bxa4 22. bxa4
Kf8 23. Raf1 Ke8 24. Rg3 Kd7 25. g5 hxg5 26. Qg4 Rh6 27. f6+ Qe6 28. fxg7 Qxg4
29. g8=Q Qe6 30. Qg7 Ke7 31. Rxg5 Nc6 32. Rgf5 1-0

[Event "Gibraltar Open"]
[Site "Caleta ENG"]
[Date "2012.01.31"]
[Round "8.59"]
[White "Graf, Felix"]
[Black "Tscharotschkin, Michael"]
[Result "1-0"]
[WhiteElo "2367"]
[BlackElo "2195"]
[WhiteFideId "24608904"]
[BlackFideId "4619510"]
[EventDate "2012.01.24"]

1. d4 f5 2. g3 Nf6 3. Bg2 e6 4. c4 d5 5. Nh3 c6 6. Qc2 Bd6 7. O-O O-O 8. Bf4 Be7
9. Nd2 Nh5 10. Nf3 Nxf4 11. Nxf4 g5 12. Nd3 Bd7 13. b4 Be8 14. Rab1 Nd7 15. Rfc1
f4 16. Bh3 Bf7 17. gxf4 Kh8 18. cxd5 exd5 19. b5 g4 20. Bxg4 Rg8 21. Nde5 Nxe5
22. Nxe5 Bh5 23. h3 Qf8 24. e3 Bd6 25. bxc6 Bxe5 26. cxb7 Bxg4 27. hxg4 Rd8 28.
dxe5 Rxg4+ 29. Kf1 Rg8 30. Qc6 1-0

[Event "Gibraltar Open"]
[Site "Caleta ENG"]
[Date "2012.01.31"]
[Round "8.60"]
[White "Weeramantry, Sunil"]
[Black "Coleman, Teddy"]
[Result "0-1"]
[WhiteTitle "FM"]
[BlackTitle "FM"]
[WhiteElo "2183"]
[BlackElo "2356"]
[WhiteFideId "9900055"]
[BlackFideId "2022010"]
[EventDate "2012.01.24"]

1. e4 c5 2. Nc3 e6 3. f4 d5 4. exd5 exd5 5. Bb5+ Nc6 6. Bxc6+ bxc6 7. Nf3 Bd6 8.
Ne5 Qh4+ 9. g3 Qh3 10. Qe2 Ne7 11. Nxc6 Bg4 12. Qa6 Qg2 13. Rf1 Bc8 14. Qa4 Bd7
15. Nb5 Bxc6 16. Rf2 Qh1+ 17. Rf1 Qxh2 18. Nxd6+ Kd7 19. Qa3 Kxd6 20. d4 Nf5 0-1

[Event "Gibraltar Open"]
[Site "Caleta ENG"]
[Date "2012.01.31"]
[Round "8.62"]
[White "Lipecki, Alexander"]
[Black "Palencia, Wilson"]
[Result "1-0"]
[BlackTitle "IM"]
[WhiteElo "2159"]
[BlackElo "2324"]
[WhiteFideId "1303511"]
[BlackFideId "4401859"]
[EventDate "2012.01.24"]

1. e4 d5 2. exd5 Qxd5 3. Nc3 Qe5+ 4. Qe2 Qxe2+ 5. Ngxe2 Nc6 6. a3 Bf5 7. d3 e5
8. Be3 Nf6 9. h3 Ne7 10. f4 Nfd5 11. Bd2 f6 12. O-O-O O-O-O 13. g4 Bd7 14. fxe5
Bc6 15. Nd4 Nxc3 16. Nxc6 Nxc6 17. Bxc3 Nxe5 18. Bxe5 fxe5 19. Bg2 g6 20. h4 Bc5
21. Kd2 Rdf8 22. Rdf1 Rf4 23. Rxf4 exf4 24. Be4 Be3+ 25. Ke2 Kd7 26. Kf3 c6 27.
g5 h6 28. h5 hxg5 29. h6 Ke6 30. Bxg6 Bc5 31. Kg4 Kf6 32. Be4 Be7 33. a4 a5 34.
c3 Ke5 35. h7 Bf6 36. Re1 Kd6 37. Bf5 Bd8 38. Re4 b5 39. axb5 cxb5 40. Rd4+ Kc5
41. Rd7 b4 42. c4 a4 43. d4+ Kc6 44. c5 a3 45. Rd6+ Kb7 46. Be4+ Ka7 47. Rd7+
Kb8 48. Rb7+ Kc8 49. Rxb4 axb2 50. Rxb2 Bf6 51. Rb4 Be7 52. d5 1-0

[Event "Gibraltar Open"]
[Site "Caleta ENG"]
[Date "2012.01.31"]
[Round "8.64"]
[White "Oberhofer, Andre"]
[Black "Allor, Chukwuka"]
[Result "1-0"]
[WhiteElo "2299"]
[BlackElo "2145"]
[WhiteFideId "24654140"]
[BlackFideId "8500908"]
[EventDate "2012.01.24"]

1. e4 c5 2. c3 d6 3. Nf3 Nf6 4. Bd3 Nc6 5. h3 g6 6. O-O Bg7 7. Re1 O-O 8. Bf1 e5
9. d3 d5 10. Nbd2 d4 11. a4 b6 12. Nc4 Ne8 13. Bg5 f6 14. Bd2 Be6 15. Be2 a6 16.
cxd4 Bxc4 17. dxc4 exd4 18. a5 Ne5 19. Nxe5 fxe5 20. Bg4 Qf6 21. Rf1 h5 22. Bd7
Qd6 23. Bxe8 Raxe8 24. Ra3 Rb8 25. axb6 Rxb6 26. Qc2 Qb8 27. Bc1 Qb7 28. Qe2 Rb3
29. Ra5 Qb6 30. Ra2 a5 31. Qd2 Qb4 32. Qg5 Kh7 33. Bd2 Qxc4 34. Rxa5 Rxb2 35.
Ra7 Rf7 36. Rfa1 Rbb7 37. R7a6 Rb1+ 38. Kh2 Rxa1 39. Qxg6+ Kg8 40. Rxa1 Rxf2 41.
Bh6 Rxg2+ 42. Qxg2 Qf7 43. Rg1 Qf4+ 1-0

[Event "Gibraltar Open"]
[Site "Caleta ENG"]
[Date "2012.01.31"]
[Round "8.65"]
[White "Mastalerz, Xavier"]
[Black "Phadke, Sohan"]
[Result "0-1"]
[WhiteElo "2135"]
[BlackElo "2290"]
[WhiteFideId "208310"]
[BlackFideId "5016223"]
[EventDate "2012.01.24"]

1. d4 d5 2. Nf3 c5 3. c4 e6 4. cxd5 exd5 5. Nc3 Nc6 6. e3 Nf6 7. Be2 Bd6 8. dxc5
Bxc5 9. O-O O-O 10. b3 Be6 11. Nb5 Qe7 12. Bb2 Ne4 13. Nbd4 Rac8 14. Nxc6 bxc6
15. Rc1 Bd7 16. Ne5 Be8 17. Bd3 f6 18. Bxe4 dxe4 19. Qc2 Bd6 20. Nc4 Bb8 21. Ba3
c5 22. Nd2 Bb5 23. Nc4 f5 24. Bb2 Rc6 25. f4 exf3 26. Rxf3 Rg6 27. Rxf5 Bc6 28.
Rxf8+ Qxf8 29. Rf1 Bxh2+ 0-1

[Event "Gibraltar Open"]
[Site "Caleta ENG"]
[Date "2012.01.31"]
[Round "8.66"]
[White "Ortega Ruiz, Jose Miguel"]
[Black "Herman, Jean"]
[Result "1-0"]
[WhiteTitle "FM"]
[WhiteElo "2288"]
[BlackElo "2077"]
[WhiteFideId "2209713"]
[BlackFideId "263036"]
[EventDate "2012.01.24"]

1. d4 d5 2. c4 c6 3. Nf3 Nf6 4. Nc3 dxc4 5. Ne5 b5 6. g3 Bb7 7. Bg2 a6 8. a4 Qb6
9. e4 e6 10. Be3 Nbd7 11. O-O c5 12. Nxd7 Nxd7 13. d5 Be7 14. dxe6 fxe6 15. axb5
axb5 16. Rxa8+ Bxa8 17. Qh5+ g6 18. Qh6 b4 19. Ne2 Bf8 20. Qg5 Be7 21. Qh6 Bf8
22. Qh4 Bg7 23. Rd1 Bxb2 24. Nf4 Bf6 25. Qh3 Nf8 26. e5 Bxg2 27. Qxg2 Be7 28.
Qa8+ Kf7 29. Ra1 g5 30. Nh3 Ng6 31. Qf3+ Kg7 32. Nxg5 Rf8 33. Qh5 Bxg5 34. Bxg5
Kg8 35. Bf6 c3 36. Qh6 Qb7 37. Qe3 Ra8 38. Rxa8+ Qxa8 39. Qxc5 Qb8 40. Qc6 Qa7
41. Qe8+ Nf8 42. Be7 Qxe7 43. Qxe7 b3 44. Qg5+ Ng6 45. Qd8+ Nf8 46. Kf1 b2 47.
Qb8 Kf7 48. Ke2 Nd7 49. Qb7 Kg6 50. Qxd7 b1=Q 51. Qd3+ Qxd3+ 52. Kxd3 Kf5 53. f4
h5 54. Kxc3 Ke4 55. Kd2 h4 56. Ke2 h3 57. Kf2 1-0

[Event "Gibraltar Open"]
[Site "Caleta ENG"]
[Date "2012.01.31"]
[Round "8.67"]
[White "Rodriguez Lopez, Rafael"]
[Black "Sos Andreu, Eric"]
[Result "1-0"]
[WhiteTitle "IM"]
[WhiteElo "2287"]
[BlackElo "2113"]
[WhiteFideId "2204495"]
[BlackFideId "22247017"]
[EventDate "2012.01.24"]

1. e4 c6 2. d4 d5 3. Nc3 dxe4 4. Nxe4 Bf5 5. Ng3 Bg6 6. h4 h6 7. Nf3 Nd7 8. h5
Bh7 9. Bd3 Bxd3 10. Qxd3 e6 11. Bd2 Ngf6 12. O-O-O Be7 13. Qe2 O-O 14. Nf1 Qb6
15. g4 Qb5 16. c4 Qa6 17. Kb1 c5 18. g5 hxg5 19. Bxg5 cxd4 20. Nxd4 Qa5 21. f4
Rac8 22. Ng3 Qc5 23. h6 g6 24. Nxe6 Qxc4 25. h7+ Kh8 26. Nxf8 Qxe2 27. Nxg6+
fxg6 28. Nxe2 Nf8 29. Rc1 Re8 30. Rc7 Bd8 31. Rc8 N8d7 32. Nc3 Ba5 33. Rxe8+
Nxe8 34. Nd5 1-0

[Event "Gibraltar Open"]
[Site "Caleta ENG"]
[Date "2012.01.31"]
[Round "8.72"]
[White "Arvola, Benjamin"]
[Black "Becking, Franz Josef"]
[Result "1-0"]
[WhiteElo "2261"]
[BlackElo "1956"]
[WhiteFideId "1506536"]
[BlackFideId "4632540"]
[EventDate "2012.01.24"]

1. e4 e6 2. d4 d5 3. Nd2 dxe4 4. Nxe4 Nd7 5. Bd3 Ngf6 6. Qe2 Be7 7. Nf3 O-O 8.
Bg5 c5 9. dxc5 Nxc5 10. Nxc5 Qa5+ 11. c3 Qxc5 12. O-O Bd7 13. Ne5 Rad8 14. Rad1
Bc6 15. Bb1 Rxd1 16. Rxd1 Rd8 17. Rxd8+ Bxd8 18. Nxc6 bxc6 19. Be3 Qe7 20. Qa6
c5 21. Qc8 Qd7 22. Qxd7 Nxd7 23. Bd3 Bb6 24. Bb5 Nf6 25. Bf4 Nd5 26. Bd6 a5 27.
Kf1 f6 28. Ke2 Kf7 29. Kd3 Ba7 30. Bc6 Ne7 31. Bb7 c4+ 32. Kxc4 Bxf2 33. a4 e5
34. Bc7 Ke6 35. Bxa5 f5 36. Kd3 e4+ 37. Ke2 Bg1 38. Bc7 Nd5 39. Bb8 Bb6 40. Ba6
Bc7 41. Bxc7 Nxc7 42. Bc8+ Ke5 43. a5 f4 44. a6 Nb5 45. Bd7 Na7 46. b4 Kd6 47.
Bf5 Ke5 48. Bxh7 Nb5 49. c4 Nd4+ 50. Ke1 Nc2+ 51. Kd2 f3 52. gxf3 exf3 1-0

[Event "Gibraltar Open"]
[Site "Caleta ENG"]
[Date "2012.01.31"]
[Round "8.73"]
[White "Ungureanu, Sandu"]
[Black "Nuri, Kambez"]
[Result "0-1"]
[BlackTitle "FM"]
[WhiteElo "2039"]
[BlackElo "2256"]
[WhiteFideId "1212311"]
[BlackFideId "1311433"]
[EventDate "2012.01.24"]

1. e4 c5 2. Nf3 Nc6 3. d4 cxd4 4. Nxd4 Nf6 5. f3 d5 6. exd5 Qxd5 7. Nxc6 Qxd1+
8. Kxd1 bxc6 9. Be3 g6 10. c4 Bg7 11. Kc2 Bf5+ 12. Bd3 Bxd3+ 13. Kxd3 Rb8 14.
Kc2 Rxb2+ 15. Kxb2 Nd5+ 16. Kb3 Nxe3 17. Nc3 O-O 18. Rab1 Rd8 19. Rhe1 Rd3 20.
Rbc1 e6 21. Re2 h5 22. Kb4 a5+ 23. Kxa5 Bxc3+ 24. Kb6 Nxc4+ 25. Kxc6 Ne3 26. Rb1
Nd5 27. Rb3 Rd1 28. a3 Ra1 29. Rc2 Be5 30. g3 Rxa3 31. Rxa3 Nb4+ 32. Kd7 Nxc2
33. Ra8+ Kg7 34. Ke8 g5 35. Ra7 Kg6 36. Rxf7 Nd4 37. f4 gxf4 38. gxf4 Bf6 39.
Ra7 Ne2 40. Ra4 Nc3 41. Rc4 Nd5 42. Rc1 Nxf4 43. Rg1+ Kf5 44. Kf7 e5 45. Re1 h4
46. Re3 e4 47. Rxe4 Kxe4 48. Kxf6 h3 49. Kg5 Kf3 50. Kh4 Kg2 51. Kg4 Ng6 0-1

[Event "Gibraltar Open"]
[Site "Caleta ENG"]
[Date "2012.01.31"]
[Round "8.74"]
[White "Hamer, Martyn"]
[Black "Byron, Alan M"]
[Result "1-0"]
[WhiteElo "2010"]
[BlackElo "2241"]
[WhiteFideId "413160"]
[BlackFideId "401773"]
[EventDate "2012.01.24"]

1. e4 e6 2. d4 d5 3. Nc3 Bb4 4. a3 Bxc3+ 5. bxc3 dxe4 6. f3 b6 7. Nh3 Bb7 8.
fxe4 Bxe4 9. Ng5 Bg6 10. Bc4 h6 11. Qf3 c6 12. Nh3 Nf6 13. O-O Nbd7 14. Nf4 Bf5
15. a4 Qc7 16. Nd3 g5 17. Ba3 h5 18. Ne5 Nxe5 19. dxe5 Nd5 20. Bd6 Qb7 21. Bxd5
cxd5 22. c4 g4 23. Qb3 dxc4 24. Qb5+ Qd7 25. Qxc4 Rc8 26. Qa6 Be4 27. Rfd1 Qb7
28. Qe2 Rh7 29. Rd4 Bf5 30. c4 h4 31. Rxg4 Bxg4 32. Qxg4 Kd7 33. Rd1 Re8 34. c5
Kc8 35. Qc4 Rg8 36. cxb6+ Kd8 37. Bb4+ 1-0

[Event "Gibraltar Open"]
[Site "Caleta ENG"]
[Date "2012.01.31"]
[Round "8.75"]
[White "Spanton, Tim R"]
[Black "Stone, Andrew M"]
[Result "0-1"]
[WhiteElo "1984"]
[BlackElo "2237"]
[WhiteFideId "404802"]
[BlackFideId "404985"]
[EventDate "2012.01.24"]

1. Nf3 Nf6 2. d4 e6 3. e3 c5 4. Bd3 b6 5. O-O Bb7 6. Nbd2 cxd4 7. exd4 Be7 8.
Re1 O-O 9. Qe2 Nc6 10. c3 Qc7 11. Ne4 Rac8 12. Nfg5 Nxe4 13. Bxe4 f5 14. Bd3 Bd6
15. Qh5 h6 16. Nxe6 dxe6 17. Rxe6 Nxd4 18. Rg6 Bf4 19. Be3 Bxe3 20. fxe3 Qf7 21.
exd4 Rc6 22. Bxf5 Qxf5 23. Qxf5 Rxf5 24. Rxc6 Bxc6 25. Re1 Rf4 26. Re7 Re4 27.
Rxa7 Re2 28. c4 Rxg2+ 29. Kf1 Rxb2 30. d5 Be8 31. a4 Rb4 32. d6 Rxc4 33. Ra8 Kf7
34. Ra7+ Ke6 35. Re7+ Kxd6 36. Rxe8 Rxa4 37. Rg8 Rg4 0-1

[Event "Gibraltar Open"]
[Site "Caleta ENG"]
[Date "2012.01.31"]
[Round "8.78"]
[White "Georgiadis, Nico"]
[Black "Kakulia, Shalva"]
[Result "1-0"]
[WhiteTitle "FM"]
[WhiteElo "2291"]
[BlackElo "2133"]
[WhiteFideId "1300113"]
[BlackFideId "13602306"]
[EventDate "2012.01.24"]

1. e4 e6 2. d4 d5 3. Nc3 dxe4 4. Nxe4 Nf6 5. Bg5 Be7 6. Bxf6 Bxf6 7. Nf3 O-O 8.
Qd2 Nd7 9. O-O-O b6 10. Qf4 Bb7 11. Bc4 Qe7 12. Rhe1 Qb4 13. Bb3 a5 14. a3 Qb5
15. g4 a4 16. Ba2 Bxe4 17. Rxe4 c5 18. g5 Bxd4 19. c3 Bxf2 20. Ne5 Nxe5 21. Rxe5
Rad8 22. Rxd8 Rxd8 23. Qxf2 Qd3 24. Qe2 Qxe2 25. Rxe2 b5 26. Re5 1-0

[Event "Gibraltar Open"]
[Site "Caleta ENG"]
[Date "2012.01.31"]
[Round "8.79"]
[White "Hallerod, Ralph"]
[Black "Spence, David J"]
[Result "0-1"]
[WhiteElo "2124"]
[BlackElo "2213"]
[WhiteFideId "1705644"]
[BlackFideId "407429"]
[EventDate "2012.01.24"]

1. d4 e6 2. c4 Nf6 3. Nc3 Bb4 4. e3 c5 5. Ne2 d5 6. dxc5 O-O 7. a3 Bxc5 8. b4
Bd6 9. c5 Bc7 10. g3 e5 11. Bg2 Be6 12. Nb5 Nc6 13. Nxc7 Qxc7 14. O-O Rad8 15.
Bb2 g6 16. Rc1 Rfe8 17. Qc2 Qc8 18. Rfd1 Bf5 19. Qb3 Bh3 20. a4 Bxg2 21. Kxg2
Qg4 22. f3 Qxb4 23. Qc2 Na5 24. Rd3 Nc4 25. Qb3 Qxc5 26. f4 Ng4 27. fxe5 Ncxe3+
28. Kg1 Nc2+ 29. Nd4 Nxd4 30. Rxc5 Nxb3 31. Rxb3 d4 32. Rd3 Nxe5 33. Rd1 Nc6 34.
Kf2 Re4 35. Rd2 f6 36. Kf3 Re5 37. Rc4 Red5 38. Ke4 f5+ 39. Kf4 g5+ 0-1

[Event "Gibraltar Open"]
[Site "Caleta ENG"]
[Date "2012.01.31"]
[Round "8.80"]
[White "Zygouris, Hristos"]
[Black "Kandic, Milan"]
[Result "1-0"]
[WhiteElo "2205"]
[BlackElo "2131"]
[WhiteFideId "4200292"]
[BlackFideId "926752"]
[EventDate "2012.01.24"]

1. c4 e5 2. g3 Nf6 3. Bg2 d5 4. cxd5 Nxd5 5. Nc3 Nb6 6. Nf3 Nc6 7. O-O Be7 8.
Rb1 g5 9. b4 g4 10. Ne1 Nxb4 11. Nc2 N4d5 12. Nxd5 Nxd5 13. Bb2 f6 14. d4 exd4
15. Nxd4 c6 16. Qb3 Qa5 17. Rfd1 h5 18. Qc2 Kf7 19. e4 Nc7 20. Bf1 h4 21. Bc4+
Kg7 22. e5 hxg3 23. Nf5+ Bxf5 24. Qxf5 gxf2+ 25. Kf1 Kf8 26. Qg6 Nd5 27. Rxd5
cxd5 28. e6 1-0